| 000 | 00951nam a2200289Ia 4500 | ||
|---|---|---|---|
| 003 | IN-BaIIA | ||
| 008 | 211028s9999 xx s 000 0 eng d | ||
| 020 | _a978-3-642-33901-1 (Print) | ||
| 020 | _a978-3-642-33902-8 (Online) | ||
| 022 | _a1860-0832 (Print) | ||
| 022 | _a1860-0840 (Online) | ||
| 040 | _cIIA Library | ||
| 100 |
_aDoursat, Rene _939147 |
||
| 245 | 0 |
_aMorphogenetic Engineering _h[eBook] |
|
| 260 |
_aHeidelberg, Berlin _bSpringer Berlin Heidelberg _c2012 |
||
| 300 | _aOnline resource | ||
| 490 | _aUnderstanding Complex Systems | ||
| 650 |
_a Biological and Medical Physics, Biophysics _938290 |
||
| 650 | _a Complex Systems | ||
| 650 |
_a Computational Intelligence _926378 |
||
| 650 |
_a Systems Biology _938565 |
||
| 650 |
_aEngineering _981 |
||
| 700 |
_aMichel, Olivier _939148 |
||
| 700 |
_aSayama, Hiroki _939149 |
||
| 856 |
_uhttp://doi.org/10.1007/978-3-642-33902-8 _yClick Here to Access eBook |
||
| 942 | _cEB | ||
| 999 |
_c21123 _d21123 |
||